<?xml version="1.0" encoding="UTF-8"?><collection xmlns="info:lc/xmlns/marcxchange-v2"><record format="Unimarc" type="bibliographic"><leader>00723cam 02200253  04500</leader><controlfield tag="001">632753</controlfield><controlfield tag="003">http://id.bnportugal.gov.pt/bib/porbase/632753</controlfield><controlfield tag="005">19990105000000.0</controlfield><datafield ind1=" " ind2=" " tag="010"><subfield code="a">0-19-866132-0</subfield></datafield><datafield ind1=" " ind2=" " tag="035"><subfield code="a">(bn)632753</subfield></datafield><datafield ind1=" " ind2=" " tag="095"><subfield code="a">PTBN00844347</subfield></datafield><datafield ind1=" " ind2=" " tag="100"><subfield code="a">19960910d1995    k  y0pory0103    ba</subfield></datafield><datafield ind1="0" ind2=" " tag="101"><subfield code="a">eng</subfield></datafield><datafield ind1=" " ind2=" " tag="102"><subfield code="a">GB</subfield></datafield><datafield ind1=" " ind2=" " tag="106"><subfield code="a">r</subfield></datafield><datafield ind1="1" ind2=" " tag="200"><subfield code="a">?The ?Oxford companion to philosophy</subfield><subfield code="f">ed. by Ted Honderich</subfield></datafield><datafield ind1=" " ind2="9" tag="210"><subfield code="a">Oxford</subfield><subfield code="c">Oxford University Press</subfield><subfield code="d">cop. 1995</subfield></datafield><datafield ind1=" " ind2=" " tag="215"><subfield code="a">IX, 1009 p. a 2 colns.</subfield></datafield><datafield ind1=" " ind2=" " tag="606"><subfield code="2">SIPOR</subfield><subfield code="3">68295</subfield></datafield><datafield ind1=" " ind2=" " tag="675"><subfield code="a">1(030)</subfield><subfield code="v">BN</subfield><subfield code="z">por</subfield><subfield code="3">473051</subfield></datafield><datafield ind1=" " ind2="1" tag="702"><subfield code="a">Honderich</subfield><subfield code="b">Ted</subfield><subfield code="4">340</subfield><subfield code="3">264436</subfield></datafield><datafield ind1=" " ind2="0" tag="801"><subfield code="a">PT</subfield><subfield code="b">BN</subfield><subfield code="g">RPC</subfield></datafield><datafield ind1=" " ind2=" " tag="966"><subfield code="l">BN</subfield><subfield code="m">FGMON</subfield><subfield code="n">Usual de Referência(H 87)</subfield><subfield code="s">S.A. 84729 V.</subfield><subfield code="x">5</subfield></datafield><datafield ind1=" " ind2=" " tag="966"><subfield code="l">ULLE</subfield><subfield code="m">ULLE</subfield><subfield code="s">DFI 14 V-S.Leitura</subfield></datafield><datafield ind1=" " ind2=" " tag="966"><subfield code="l">UPLE</subfield><subfield code="m">UPLE</subfield><subfield code="s">1(03)H738o</subfield></datafield><datafield ind1=" " ind2=" " tag="997"><subfield code="a">BIBEOD</subfield></datafield><datafield ind1=" " ind2=" " tag="998"><subfield code="a">LLE33-1559</subfield></datafield></record></collection>